000 00364 a2200157 4500
001 170893
020 _a
040 _cMagnum
100 _aCarnier Junior, Plinio
240 1 0 _aImigrantes: viagem, trabalho, integracao
_lpor
245 1 0 _aImigrantes: viagem, trabalho, integracao
362 0 _a1899
440 1 _aFTD
697 _aPARADIDATICO
942 _cBK
999 _c170893
_d170893